000 01028cam a2200325 a 4500
001 14152841
003 OSt
005 20230621104147.0
008 051025s2005 ke a 000 0aeng
010 _a 2005326820
020 _a9966967265
_z9966997265
040 _aDLC
_cDLC
042 _alcode
043 _af-ke---
050 0 0 _aDT433.582.L55
_bA3 2005
082 _a970.72
_bMUTH
100 1 _aLikimani, Muthoni G.
245 1 0 _aFighting without ceasing /
_cMuthoni Likimani.
260 _aNairobi :
_bNoni's Publicity,
_c2005.
300 _axviii, 339 p., 22 p. of plates :
_bill. (some col.) ;
_c25 cm.
600 1 0 _aLikimani, Muthoni G.
650 0 _aCivic leaders
_zKenya
_vBiography.
650 0 _aWomen civic leaders
_zKenya
_zBiography.
650 0 _aWomen
_zKenya
_xSocial conditions.
651 0 _aKenya
_xSocial conditions.
651 0 _aKenya
_vBiography.
906 _a7
_bcbc
_corigode
_d2
_encip
_f20
_gy-gencatlg
942 _2ddc
_cBK
999 _c2064
_d2064